Регионална библиотека "Любен Каравелов" - Русе

Как да надмогнем кризата (Запис номер 87155)

MARC детайли
000 -Лидер
Контролно поле с фиксирана дължина 02994nam a2200505 c 4500
003 - Код на организацията, давaща контролен номер
Контролно поле BLK
005 - Дата и час на последна редакция
Контролно поле 20200311094949.0
008 - Елементи от данни с фиксирана дължина
fixed length control field 180408b bul|||||r ||||||| ||bul||
010 ## - Наследен системен номер
LC control number KNG00091785000
020 ## - Международен стандартен номер на книга ISBN
Международен стандартен номер на книга ISBN 978-954-783-100-1
040 ## - Източник на каталожния запис
Идентификатор на билиотеката - собственик на записа BLK
041 ## - Код за език
Код за езика на текст/звукозапис или на отделно заглавие Български
Код за езика КДБФ Български
080 ## - УДК
Текстов определител УДК Методи на управление. Мениджмънт. Анализи, планиране, ръководство, сътрудничество, контрол, коопериране и др.
УДК код - определител по УДК 005.5
УДК определител (035)
УДК - код + определител 005.5(035)
080 ## - УДК
Текстов определител УДК Стопански кризи. Депресии
УДК код - определител по УДК 338.124.4
УДК - код + определител 338.124.4
080 ## - УДК
Текстов определител УДК Техника на търговията (икон. аспекти). Условия на сделките. Форми на стокообмен и разпределение на стоките. Условия на доставките, на плащане. Размяна. Бартерни сделки. Покупка. Продажба. Фр
УДК код - определител по УДК 339.18
УДК - код + определител 339.18
080 ## - УДК
Текстов определител УДК Организация и техника на търговията. Стоки. Обслужване
УДК код - определител по УДК 658.6
УДК - код + определител 658.6
080 ## - УДК
Текстов определител УДК Икономическа психология. Икономическо поведение. Физиологични и психологични елементи. Интереси. Икономически дух
УДК код - определител по УДК 330.16
УДК - код + определител 330.16
100 1# - Редна дума - Автор
Автор Саймън, Херман
Авторска отговорност първи автор
R(LIN) 302614
139 ## - Редно поле
Редна дума Саймън, Херман
Авторски знак Сав - С 13
245 10 - Сведения за заглавието
Заглавие Как да надмогнем кризата
Подзаглавни данни 33 бързи решения за успех и печалба
Редно поле (дума) Херман Саймън; прев. Кирил Грозев; прев. Златомира Иванова.
257 ## - Страна на издаване
Страна на създаване/издаване Съединени американски щати
260 ## - Област на издателските данни
Име на издателя, разпространителя и проч. Локус
Година на издаване 2009
Печатница София : Унискорп
300 ## - Физическа характеристика
Страници 256 с.
Илюстрации и др. с диагр., табл.
Размери/Мащаб 21 см
380 ## - Жанр
Жанр Общ отдел
500 ## - Общи забележки
Забележка Ориг. загл. Beats the Crisis / Herman Simon. - Офс. изд. - Съдържа и за авт.
650 #4 - Допълнително описание по предмет – тема
Основно описание – тема или топоним Стопански предприятия - организация и управление
9 (RLIN) 262378
650 #4 - Допълнително описание по предмет – тема
Основно описание – тема или топоним Стопански кризи
9 (RLIN) 277610
650 #4 - Допълнително описание по предмет – тема
Основно описание – тема или топоним Икономически кризи
9 (RLIN) 281535
650 #4 - Допълнително описание по предмет – тема
Основно описание – тема или топоним Търговия - организация и управление
9 (RLIN) 252056
650 #4 - Допълнително описание по предмет – тема
Основно описание – тема или топоним Маркетинг
9 (RLIN) 161163
650 #4 - Допълнително описание по предмет – тема
Основно описание – тема или топоним Икономическо поведение
9 (RLIN) 245306
653 ## - Ключова дума – ненормативна
Ключова дума икономическа криза
653 ## - Ключова дума – ненормативна
Ключова дума стопански кризи
653 ## - Ключова дума – ненормативна
Ключова дума мениджмънт
653 ## - Ключова дума – ненормативна
Ключова дума управленски решения
653 ## - Ключова дума – ненормативна
Ключова дума наръчници
653 ## - Ключова дума – ненормативна
Ключова дума ръководства
700 1# - Други автори (авторска отговорност)
Лично име Грозев, Кирил
Автороска отговорност (Описва отношението между автора и произведението) прев.
9 (RLIN) 373098
700 1# - Други автори (авторска отговорност)
Лично име Иванова, Златомира
Автороска отговорност (Описва отношението между автора и произведението) прев.
9 (RLIN) 302615
852 ## - Местоположение
Форматна сигнатура Цб 245538
856 4# - Електронен адрес и достъп
Електронен формат pdf - файл
856 4# - Електронен адрес и достъп
Електронен формат pdf - файл
999 ## - СИСТЕМНИ КОНТРОЛНИ НОМЕРА
Koha biblionumber 87155
Koha biblioitemnumber 87155
942 ## - АРТИКУЛИ
Вид на библиотечния материал Книги
Скрит в OPAC Не
Периодичен библиозапис Да
944 ## - СЪЗДАВАНЕ И РЕДАКЦИЯ на ЗАПИСА
Създаване/Редакция Създаване
Дата на регистрацията/редакция 02.10.2009
Статус, дата на статуса ф /
Служител, извършил регистрацията/редакцията Людмила_Стоянова
944 ## - СЪЗДАВАНЕ И РЕДАКЦИЯ на ЗАПИСА
Създаване/Редакция Редакция
Дата на регистрацията/редакция 27.06.2017
Статус, дата на статуса ф /
Служител, извършил регистрацията/редакцията Людмила_Стоянова
999 ## - СИСТЕМНИ КОНТРОЛНИ НОМЕРА
Koha biblioitemnumber 87155
Наличности
Код за отписване Код за изгубен артикул Източник на класификационната схема Код за повреда Коз за рестрикции Код за отдаване Артикулен № Име на библиотеката - собственик Име на библиотеката, в която се намира в момента Статус (Текущо местоположение) Дата на вписване в системата Местоположение - отдел Цена в лева Инвентарен номер Систематично азбучна сигнатура Баркод Номер на екземпляра Цена в евро Служебна бележка Служебен тип на артикула
  Не е изгубен Universal Decimal Classification Не е повреден без рестрикции заемане за дома 141227 Регионална библиотека "Любен Каравелов" Русе Регионална библиотека "Любен Каравелов" Русе Заемна - подръчен фонд 2009-10-02 Заемна - подръчен фонд 14.00 120000738778 005.5/С 13 120000738778 1 7.16 Дост: Pk Вид: Ф N: 21683 Дата: 01.10.2009 Дата инв: 06.02.2018 Бележки инв: П2018 Книги
  Не е изгубен   Не е повреден без рестрикции ползва се в читалня 141228 Регионална библиотека "Любен Каравелов" Русе Регионална библиотека "Любен Каравелов" Русе Хранилище 2010-12-14 Хранилище 14.00 120000748193 Цб 245538 120000748193 2 7.16 Дост: Dp Вид: Д N: 16 Дата: 14.04.2010 Книги
  Не е изгубен Universal Decimal Classification Не е повреден без рестрикции заемане за дома 141229 Регионална библиотека "Любен Каравелов" Русе Регионална библиотека "Любен Каравелов" Русе Заемна - подръчен фонд 2017-05-26 Заемна - подръчен фонд 5.00 120000811279 005.5/С 13 120000811279 3 2.56 Дост: Pk Вид: Ф N: 490 Дата: 26.05.2017 Дата инв: 06.02.2018 Бележки инв: П2018 Книги
Vip Innovations Ltd, Rousse, Bulgaria 2025